000
00210nam a22001097a 4500
999
_c
65145
_d
65142
082
_a
297.923GHU
100
_a
Ghulam
245
_a
Muhammad the Holy prophet
260
_a
lahore
300
_a
425p
942
_c
BK